[Event "Dortmund op-B"]
[Site "Dortmund"]
[Date "2005.07.16"]
[Round "8"]
[White "Wiesemann, Peter"]
[Black "Lindner, Heribert"]
[Result "1-0"]
[WhiteElo "1788"]
[BlackElo "1561"]
[PlyCount "139"]
[EventDate "2005.07.08"]
[EventType "swiss"]
[EventRounds "9"]
[EventCountry "GER"]
[SourceTitle "CBM 107 Extra"]
[Source "ChessBase"]
[SourceDate "2005.09.01"]
[SourceVersion "1"]
[SourceVersionDate "2005.09.01"]
[SourceQuality "1"]

1. d4 Nf6 2. c4 e5 3. d5 Bc5 4. e3 0-0 5. Bd2 a6 6. Bc3 d6 7. Bd3 Bg4 8. Qc2 Nbd7 9. Nd2 Bh5 10. Ne2 Bg6 11. Ng3 Ba7 12. 0-0 Nc5 13. Bxg6 hxg6 14. b4 Ncd7 15. Kh1 b5 16. Qd3 Nb6 17. e4 bxc4 18. Nxc4 Nxc4 19. Qxc4 Ng4 20. Qe2 Qh4 21. h3 Nxf2+ 22. Kh2 f5 23. Rxf2 Bxf2 24. Qxf2 f4 25. Nh1 Qxf2 26. Nxf2 Rac8 27. Rd1 c6 28. Be1 cxd5 29. Rxd5 Rc2 30. a4 Re2 31. Rd1 Rc8 32. Kg1 Rcc2 33. Kf1 Ra2 34. a5 Reb2 35. Rxd6 Rb1 36. Rd1 Rbb2 37. h4 Kh7 38. Nd3 Rxg2 39. Nxe5 Rh2 40. Nf3 Rh1+ 41. Ng1 f3 42. Rd6 Ra1 43. Rxa6 Rxh4 44. Nxf3 Rf4 45. Kg2 Ra3 46. Ng5+ Kh6 47. Ne6 Ra2+ 48. Kg3 Rxe4 49. Bf2 Ra3+ 50. Kg2 Re2 51. Nd4 Rb2 52. Rb6 Raa2 53. a6 Rxf2+ 54. Kg3 Rfd2 55. Nc6 Rd3+ 56. Kf4 Rf2+ 57. Ke4 Rff3 58. Ne5 Rde3+ 59. Kd4 Rg3 60. a7 Ra3 61. Rb8 Rxa7 62. Rh8+ Kg5 63. Rf8 Raa3 64. Kc5 Rge3 65. Nf7+ Kg4 66. b5 Rac3+ 67. Kd5 Rcd3+ 68. Kc6 Rc3+ 69. Kb7 Kh3 70. Rg8 1-0

[Event "Dortmund op-B"]
[Site "Dortmund"]
[Date "2005.07.11"]
[Round "4"]
[White "Kalinowski, Alexander"]
[Black "Lindner, Heribert"]
[Result "0-1"]
[WhiteElo "1301"]
[BlackElo "1561"]
[PlyCount "49"]
[EventDate "2005.07.08"]
[EventType "swiss"]
[EventRounds "9"]
[EventCountry "GER"]
[SourceTitle "CBM 107 Extra"]
[Source "ChessBase"]
[SourceDate "2005.09.01"]
[SourceVersion "1"]
[SourceVersionDate "2005.09.01"]
[SourceQuality "1"]

1. e4 d5 2. exd5 Nf6 3. Nf3 Nxd5 4. Bc4 c6 5. 0-0 Bf5 6. d4 e6 7. Bg5 Be7 8. Bxe7 Qxe7 9. Re1 0-0 10. Nbd2 Qc7 11. c3 h6 12. Nf1 Nd7 13. Ng3 Bh7 14. Qd2 Rad8 15. Ne5 Nxe5 16. Rxe5 Nb6 17. Bb3 Qxe5 18. Re1 Qc7 19. Nh5 Qe7 20. Re5 Nd5 21. Bxd5 Rxd5 22. Qf4 Rxe5 23. dxe5 Qg5 24. Nf6+ gxf6 25. Qxg5+ 0-1

[Event "Stuttgart-chB int"]
[Site "Ditzingen"]
[Date "2005.05.08"]
[Round "7"]
[White "Lindner, Heribert"]
[Black "Kuehnel, Lena"]
[Result "1-0"]
[WhiteElo "1598"]
[BlackElo "1126"]
[PlyCount "111"]
[EventDate "2005.05.05"]
[EventType "swiss"]
[EventRounds "7"]
[EventCountry "GER"]
[SourceTitle "EXT 2018"]
[Source "ChessBase"]
[SourceDate "2017.10.13"]
[SourceVersion "1"]
[SourceVersionDate "2017.10.13"]
[SourceQuality "1"]

1. c4 e5 2. Nc3 Nf6 3. g3 d5 4. cxd5 Nxd5 5. Bg2 Nb6 6. Nf3 Nc6 7. 0-0 Bd6 8. d3 0-0 9. Bd2 Bg4 10. a3 Qd7 11. Re1 Rad8 12. b4 h6 13. b5 Ne7 14. a4 f5 15. a5 Nbd5 16. Qb3 Qe6 17. Nxd5 Qxd5 18. Qxd5+ Nxd5 19. Ng5 hxg5 20. Bxd5+ Kh8 21. Bxb7 f4 22. Rab1 Rb8 23. Bc6 Rf6 24. f3 Be6 25. g4 Kg8 26. Rec1 Kf7 27. Kg2 Rh6 28. Be4 Rhh8 29. Bc6 Rhd8 30. Be1 Bd7 31. Bd5+ Be6 32. Bxe6+ Kxe6 33. Bf2 Ra8 34. Rc6 Rg8 35. Ra6 c5 36. Bxc5 Rgd8 37. Bxd6 Rxd6 38. b6 Kd7 39. Rc1 Rc6 40. b7 Rb8 41. Rcxc6 Rxb7 42. Rg6 Kc8 43. Rxg5 Rb2 44. Kf2 Rb7 45. Re6 a6 46. Rexe5 Rd7 47. Re6 g6 48. Rxa6 Rb7 49. Raxg6 Rd7 50. Rg7 Rd6 51. Rf5 Rd8 52. Rgf7 Kb8 53. h4 Re8 54. h5 Ka8 55. h6 Kb8 56. h7 1-0

[Event "Dortmund op-B"]
[Site "Dortmund"]
[Date "2004.07.30"]
[Round "8"]
[White "Lindner, Heribert"]
[Black "Wolkow, Michael"]
[Result "0-1"]
[WhiteElo "1614"]
[BlackElo "1545"]
[PlyCount "40"]
[EventDate "2004.07.??"]
[EventType "swiss"]
[EventRounds "9"]
[EventCountry "GER"]
[SourceTitle "EXT 2006"]
[Source "ChessBase"]
[SourceDate "2005.11.24"]
[SourceVersion "1"]
[SourceVersionDate "2005.11.24"]
[SourceQuality "1"]

1. c4 Nf6 2. Nc3 e6 3. g3 d5 4. cxd5 exd5 5. d3 c6 6. Bg2 Bc5 7. Nf3 Nbd7 8. 0-0 0-0 9. a3 Re8 10. b4 Bb6 11. Bb2 Bc7 12. Qc2 Ne5 13. Rac1 b6 14. Nb5 Nxf3+ 15. Bxf3 Be5 16. d4 Bxg3 17. Nxa7 Bxh2+ 18. Kxh2 Ng4+ 19. Kg3 Qd6+ 20. Kh4 Qh2+ 0-1

[Event "Dortmund op-B"]
[Site "Dortmund"]
[Date "2004.07.28"]
[Round "6"]
[White "Lindner, Heribert"]
[Black "Mantler, Thorben"]
[Result "0-1"]
[WhiteElo "1614"]
[BlackElo "1812"]
[PlyCount "62"]
[EventDate "2004.07.??"]
[EventType "swiss"]
[EventRounds "9"]
[EventCountry "GER"]
[SourceTitle "EXT 2006"]
[Source "ChessBase"]
[SourceDate "2005.11.24"]
[SourceVersion "1"]
[SourceVersionDate "2005.11.24"]
[SourceQuality "1"]

1. c4 e5 2. Nc3 Nc6 3. g3 f5 4. Bg2 Nf6 5. d3 Bc5 6. Nf3 d6 7. 0-0 0-0 8. a3 a5 9. Bd2 Bd7 10. Rb1 h6 11. Nb5 Na7 12. b4 axb4 13. axb4 Bb6 14. Nc3 Qe8 15. b5 Nc8 16. Ne1 Rb8 17. Nc2 Ne7 18. Be3 Ba5 19. Nb4 c5 20. Nbd5 Be6 21. Ra1 Nexd5 22. Nxd5 Bxd5 23. Bxd5+ Nxd5 24. Rxa5 Qd8 25. Qa1 Nf6 26. Ra7 g5 27. Qa5 Qc8 28. Ra1 f4 29. Bc1 Qh3 30. f3 fxg3 31. hxg3 Ng4 0-1

[Event "Augsburg Afro op"]
[Site "Augsburg"]
[Date "2003.08.09"]
[Round "6"]
[White "Lindner, Heribert"]
[Black "Jannes, Alexander"]
[Result "1-0"]
[WhiteElo "1652"]
[BlackElo "1443"]
[PlyCount "79"]
[EventDate "2003.08.06"]
[EventType "swiss"]
[EventRounds "7"]
[EventCountry "GER"]
[SourceTitle "EXT 2006"]
[Source "ChessBase"]
[SourceDate "2005.11.24"]
[SourceVersion "1"]
[SourceVersionDate "2005.11.24"]
[SourceQuality "1"]

1. c4 c6 2. Nc3 d5 3. cxd5 cxd5 4. d3 Nc6 5. g3 d4 6. Ne4 e5 7. Bg2 Bb4+ 8. Bd2 Bxd2+ 9. Nxd2 Nf6 10. Ngf3 0-0 11. 0-0 Be6 12. Nb3 Rc8 13. Nc5 Qd6 14. Nxe6 Qxe6 15. Ng5 Qd6 16. Qa4 a6 17. Rab1 h6 18. Ne4 Nxe4 19. Bxe4 Kh8 20. b4 f5 21. Bg2 f4 22. b5 axb5 23. Qxb5 Rc7 24. Rfc1 fxg3 25. fxg3 Na7 26. Qd5 Rxc1+ 27. Rxc1 Qf6 28. Rf1 Qd8 29. Rxf8+ Qxf8 30. Qxb7 Qa3 31. Qb8+ Kh7 32. Be4+ g6 33. Qc7+ Kg8 34. Bd5+ Kh8 35. Qd8+ Kg7 36. Qg8+ Kf6 37. Qf7+ Kg5 38. h4+ Kg4 39. Qxg6+ Kh3 40. Be6# 1-0

[Event "Augsburg Afro op"]
[Site "Augsburg"]
[Date "2003.08.08"]
[Round "3"]
[White "Lindner, Heribert"]
[Black "Brescher, Walter"]
[Result "0-1"]
[WhiteElo "1652"]
[BlackElo "2016"]
[PlyCount "48"]
[EventDate "2003.08.06"]
[EventType "swiss"]
[EventRounds "7"]
[EventCountry "GER"]
[SourceTitle "EXT 2006"]
[Source "ChessBase"]
[SourceDate "2005.11.24"]
[SourceVersion "1"]
[SourceVersionDate "2005.11.24"]
[SourceQuality "1"]

1. c4 g6 2. Nc3 Bg7 3. g3 c5 4. Bg2 Nc6 5. Nf3 e6 6. 0-0 Nge7 7. d3 a6 8. a3 0-0 9. Rb1 d5 10. cxd5 exd5 11. Bd2 b5 12. b4 c4 13. dxc4 bxc4 14. a4 Bf5 15. e4 dxe4 16. Nh4 Qd3 17. Nxf5 gxf5 18. Qc1 Nd4 19. Rd1 Nb3 20. Qb2 Nxd2 21. Rxd2 Qxc3 22. Qxc3 Bxc3 23. Rd7 Bf6 24. Rbd1 c3 0-1